Serious irregularity (Record no. 76809)
[ view plain ]
| 000 -LEADER | |
|---|---|
| fixed length control field | 00971cab a2200193 4500 |
| 001 - CONTROL NUMBER | |
| control field | ##L133111 |
| 008 - FIXED-LENGTH DATA ELEMENTS--GENERAL INFORMATION | |
| fixed length control field | 060411n2006 000 0 eng u |
| 035 ## - SYSTEM CONTROL NUMBER | |
| System control number | (Sirsi) u133111 |
| 041 0# - LANGUAGE CODE | |
| Language code of text/sound track or separate title | eng |
| 245 00 - TITLE STATEMENT | |
| Title | Serious irregularity |
| Remainder of title | procedural and substantive aspects of section 68 |
| 260 ## - PUBLICATION, DISTRIBUTION, ETC. | |
| Date of publication, distribution, etc. | 2006 |
| 490 #0 - SERIES STATEMENT | |
| Series statement | Arbitration Law Monthly |
| Volume/sequential designation | March 2006, 3-5(3) |
| 520 ## - SUMMARY, ETC. | |
| Summary, etc. | The decision in "Sinclair v Woods of Winchester Ltd" ([2005] TCC, unreported) illustrates the unwillingness of the courts to allow spurious procedural objections raised under the Arbitration Act 1996 s68 to challenge the outcome of an arbitration. The case set out a procedural checklist for applications under s68, on all of which the claimants failed. |
| 590 ## - LOCAL NOTE (RLIN) | |
| Local note | IKA110406 |
| 650 24 - SUBJECT ADDED ENTRY--TOPICAL TERM | |
| Topical term or geographic name entry element | SINCLAIR V WOODS OF WINCHESTER LTD |
| 650 24 - SUBJECT ADDED ENTRY--TOPICAL TERM | |
| Topical term or geographic name entry element | ARBITRATION ACT 1996 |
| 690 ## - LOCAL SUBJECT ADDED ENTRY--TOPICAL TERM (OCLC, RLIN) | |
| Topical term or geographic name as entry element | MANAGEMENT-DISPUTE AVOIDANCE, MANAGEMENT AND RESOLUTION-DISPUTE MANAGEMENT AND RESOLUTION-ARBITRATION |
| 942 ## - ADDED ENTRY ELEMENTS (KOHA) | |
| Suppress in OPAC | 0 |
| Withdrawn status | Lost status | Source of classification or shelving scheme | Damaged status | Not for loan | Home library | Current library | Shelving location | Date acquired | Total Checkouts | Full call number | Barcode | Date last seen | Copy number | Price effective from | Koha item type |
|---|---|---|---|---|---|---|---|---|---|---|---|---|---|---|---|
| Dewey Decimal Classification | London | London | Journal article | 11/04/2006 | L133111 | 133111-1001 | 06/08/2019 | 1 | 06/08/2019 | Journal article |